| 000 | 00721nam a2200229 4500 | ||
|---|---|---|---|
| 003 | OSt | ||
| 005 | 20240702015917.0 | ||
| 006 | a | ||
| 008 | 240702b |||||||| |||| 00| 0 eng d | ||
| 020 | _a9789715849555 | ||
| 040 |
_aDWCL-HMN lib. _cOC |
||
| 082 |
_2Third edition _aCir. 616.901 N318h 2010 |
||
| 100 | _aNovales,Dionesia Mondijar | ||
| 245 | _aHandbook of common communicable and infectious diseases / | ||
| 250 | _aThird edition | ||
| 260 |
_aQuezon City : _bC & E Pub., _cc2010. |
||
| 300 |
_b228 p. : ill. ; _c26 cm. |
||
| 504 | _aIncludes glossary & bibliography. | ||
| 650 | _a1. Communicable diseases-Prevention. | ||
| 650 | _a2. Infections diseases. | ||
| 942 |
_2ddc _n0 _cBK-CIRC _eThird edition _kCirc. |
||
| 999 |
_c1759 _d1759 |
||